History Quiz

Random History or Logo Quiz
Score 0/6 Timer 04:00
0 Plays Today
? Answer % Correct
Have logos been around in ONLY one form?No
100%
What company has changed their logo more than 9 times?Shell Gas Company
20%
What is logo design?The Art of Visual Identity
0%
What is a logo?a sign, symbol, trademark, or badge
0%
What does a logo represent?the identity or ownership of a product
0%
Main function of a logo?to convey an immediate and memorable identity
0%
Come Together.
Have Fun.
All Virtual.
We all need to come together. Play Sporcle's virtual live trivia to have fun, connect with people, and get your trivia on. Join a live hosted trivia game for your favorite pub trivia experience done virtually. If a virtual private party is more your thing, go here for details.

You're not logged in!

Compare scores with friends on all Sporcle quizzes.
OR
Log In

Sporcle TV

Today on Sporcle TV


Watch our educational content, quiz creation guides, and fun videos on Sporcle TV.

Show Comments

Extras

Created Feb 3, 2016ReportNominate
Tags:Logo Quiz, Prove

Top Quizzes Today


Score Distribution

Paid Content

Your Account Isn't Verified!

In order to create a playlist on Sporcle, you need to verify the email address you used during registration. Go to your Sporcle Settings to finish the process.

Report this User

Report this user for behavior that violates our Community Guidelines.

Details: